000 00288nam a2200109Ia 4500
008 190216s9999||||xx |||||||||||||| ||und||
100 _aVasudevan & Ghosh
245 0 _aSimple Study Of Business Administration And Management
260 _bNew Heights
_c1979
300 _a80p
942 _cBK
999 _c4155
_d4155